000
00258nam a22001097a 4500
082
_a
920/AGG
100
_a
Aggarwal.Dr.Sangeeta
_9
83288
245
_a
Swami Shraddhanand Saraswati
260
_a
Delhi
_b
Academic Books
_c
2022
650
_a
Biography
942
_c
BK
999
_c
68136
_d
68136